000 00375 a2200157 4500
001 47533
020 _a9788565513043
040 _cAnchieta - Aquarius
100 _aCaggy, Ricardo Costa
240 1 0 _aPedro o pequeno empreendedor
_lpor
245 1 0 _aPedro o pequeno empreendedor
300 _a22p.
362 0 _a2015
650 4 _aLiteratura infanto-juvenil
942 _cBK
999 _c47533
_d47533